Energetická politika EÚ

Postavenie energií vo svetovom meradle. Celosvetová ponuka ropy. Energetická politika členských štátov EÚ. Spoločná energetická politika EÚ. Import a export ropy a zemného plynu v EÚ. Závislosť Európy od ruského plynu. Európska energetická stratégia.

Na minha lista:
Detalhes bibliográficos
Autor principal: Bezáková, Tatiana
Formato: Capítulo de Livro
Idioma:eslovaco
Assuntos:
Tags: Adicionar Tag
Sem tags, seja o primeiro a adicionar uma tag!

MARC

LEADER 00000naa$a2200000$$$4500
001 0076245
005 20240502071907.0
041 0 |a slo 
044 |a SK 
245 1 0 |a Energetická politika EÚ  |c Tatiana Bezáková 
520 |a Postavenie energií vo svetovom meradle. Celosvetová ponuka ropy. Energetická politika členských štátov EÚ. Spoločná energetická politika EÚ. Import a export ropy a zemného plynu v EÚ. Závislosť Európy od ruského plynu. Európska energetická stratégia. 
610 2 0 |a energia 
610 2 0 |a ropa 
610 2 0 |a plyn zemný 
610 2 0 |a Rusko 
610 2 0 |a Európska únia 
610 2 0 |a spotreba energie 
610 2 0 |a výroba energie 
610 2 0 |a spolupráca hospodárska medzinárodná 
100 1 |a Bezáková, Tatiana